00693nam a2200181 i 450000100060000000300090000600500170001500700030003200800410003510000510007624501160012726000500024330000200029361000310031385200250034499900170036995201250038640135ES-MaACL20230906160141.0t|030305s1962 sp ||||1| spa d1 aCarceller Galindo, Manuel (d1899-1983)93510310aHistoria general de la Orden de Recoletos de San Agustín / cpor Fray Manuel Carceller de la Sagrada Familia. aMadrid : b[s.n., c1962] (fImp. Juan Bravo) a1 v. ; c25 cm.24aAgustinos Recoletos.91303 aES-MaACLjP-1047-bis c40135d40135 00104070aATENEOMbATENEOMcDEPO2d2008-01-17eSCl0oP-1047-bisp1042256r2023-02-23 00:00:00w2023-02-23yMONOGRAFIA